Country Anagram Puzzle #2 - Statistics

General Stats
  • This quiz has been taken 1,914 times
  • The average score is 16 of 24
Answer Stats
Word Country % Correct
INLAND F Finland
100%
ALONG A Angola
91%
SYRUP C Cyprus
88%
NODAL P Poland
88%
RADON J Jordan
86%
VITAL A Latvia
86%
DENSE W Sweden
85%
ROCOCO M Morocco
83%
AORTIC A Croatia
82%
MANGER Y Germany
73%
ANGELS E Senegal
72%
VAULT U Tuvalu
72%
AVAUNT U Vanuatu
69%
URINE B Brunei
66%
REGAIN I Nigeria
64%
ATONES I Estonia
59%
DENIAL R Ireland
59%
HAUNT B Bhutan
58%
PATINAS K Pakistan
58%
SALAMI O Somalia
51%
EVASION L Slovenia
45%
AERATING N Argentina
43%
MISLEAD V Maldives
31%
TOASTIER M East Timor
13%
No matching quizzes found
Score Distribution
Percent of People with Each Score
Percentile by Number Answered
Your Score History
You have not taken this quiz